000 00674nam a2200193 i 4500
001 136454
003 ES-MaACL
005 20240825063037.0
007 t|
008 070214s1973 sp r ||||1| spa d
100 1 _aRussell, Bertrand,
_d1872-1970
_9101033
245 1 0 _aObras completas.
_nII,
_pCiencia y Filosofía : 1897-1919c / Bertrand Russell ; traducción del inglés por José Barrio Gutiérrez... [et al.].
250 _a1ª ed.
260 _aMadrid :
_bAguilar,
_c1973.
300 _a1397 p., 1 lám. = retr. aut. ;
_c19 cm.
700 1 _aBarrio Gutiérrez, José.
_926006
852 _aES-MaACL
_jP-1297
_bR.87540
999 _c136454
_d136454